00577nam a2200193 a 4500001001300000003000900013005001700022008004100039020002300080082001700103100001700120245008500137260002500222300000900247500003500256505003500291650004000326700001700366nice12345678IN_TiNIC20260116014533.0120917s2009 dela grp 000 0 eng  a9788184650013c25000a291.172bDAV aDavid, Maria aBeyond Boundariesb Hindu-Christian Relationship and Basic Christian Communities aDelhi bISPCK c2009 a281p aincludes index and biblioraphy2 aSelected Bibliography, Indices aInterfaith Relation-Hindu-christian1 aDavid, Maria